书目信息 |
| 题名: |
读你千遍 也不厌倦
|
|
| 作者: | 王子居 著 | |
| 分册: | ||
| 出版信息: | 北京 民主与建设出版社 2017 |
|
| 页数: | 228页 | |
| 开本: | 24cm | |
| 丛书名: | ||
| 单 册: | ||
| 中图分类: | I207.227.2 | |
| 科图分类: | ||
| 主题词: | 古典诗歌--诗歌欣赏--中国 | |
| 电子资源: | ||
| ISBN: | 978-7-5139-1478-9 | |
| 000 | 00817nam0 2200241 450 | |
| 001 | 012001002057 | |
| 005 | 20140926114740.0 | |
| 010 | @a978-7-5139-1478-9@dCNY35.00 | |
| 100 | @a20170905d2017 em y0chiy50 ea | |
| 101 | 0 | @achi |
| 102 | @aCN@b110000 | |
| 105 | @aa z 000yy | |
| 106 | @ar | |
| 200 | 1 | @a读你千遍 也不厌倦@9du ni qian bian ye bu yan juan@e诗人往事@f王子居著 |
| 210 | @a北京@c民主与建设出版社@d2017 | |
| 215 | @a228页@c图@d24cm | |
| 330 | @a本书试图从优美经典的诗句中还原古代那些文学天才,无论男性还是女性,还原他们如流星般划过的生活轨迹和丰富曲折的感情经历。 | |
| 517 | 1 | @a诗人往事@9shi ren wang shi |
| 606 | 0 | @a古典诗歌@x诗歌欣赏@y中国 |
| 690 | @aI207.227.2@v5 | |
| 701 | 0 | @a王子居@9wang zi ju@c(文学)@4著 |
| 801 | 0 | @aCN@b上海新华@c20180901 |
| 905 | @b1157420-4@dI207.227.2@e1121@f5 | |
| 读你千遍 也不厌倦:诗人往事/王子居著.-北京:民主与建设出版社,2017 |
| 228页:图;24cm |
| ISBN 978-7-5139-1478-9:CNY35.00 |
| 本书试图从优美经典的诗句中还原古代那些文学天才,无论男性还是女性,还原他们如流星般划过的生活轨迹和丰富曲折的感情经历。 |
| ● |
| 相关链接 |
|
|
|
|
正题名:读你千遍 也不厌倦
索取号:I207.227.2/1121
 
预约/预借
| 序号 | 登录号 | 条形码 | 馆藏地/架位号 | 状态 | 备注 |
| 1 | 1157420 | 211574205 | 密集书库-文学院/ [索取号:I207.227.2/1121] | 在馆 | |
| 2 | 1157421 | 211574214 | 第二借阅区/ [索取号:I207.227.2/1121] | 在馆 | |
| 3 | 1157422 | 211574223 | 第二借阅区/ [索取号:I207.227.2/1121] | 在馆 | |
| 4 | 1157423 | 211574232 | 第二借阅区/ [索取号:I207.227.2/1121] | 在馆 | |
| 5 | 1157424 | 211574241 | 第一样本阅览室/ [索取号:I207.227.2/1121] | 在馆 |